Introduction to modern liquid chromatography (Record no. 36304)

MARC details
000 -LEADER
fixed length control field 00337nam a2200133Ia 4500
082 ## - DEWEY DECIMAL CLASSIFICATION NUMBER
Classification number 543.544:54-14
Item number SNY
100 ## - MAIN ENTRY--AUTHOR NAME
Personal name Kirkland, JJ
245 #0 - TITLE STATEMENT
Title Introduction to modern liquid chromatography
250 ## - EDITION STATEMENT
Edition statement 2
260 ## - PUBLICATION, DISTRIBUTION, ETC. (IMPRINT)
Place of publication New York
Name of publisher Wiley
Year of publication 1979
700 ## - ADDED ENTRY--PERSONAL NAME
Personal name Snyder, L R
942 ## - ADDED ENTRY ELEMENTS (KOHA)
Koha item type Books
Holdings
Withdrawn status Lost status Damaged status Not for loan Home library Current library Date acquired Cost, normal purchase price Full call number Accession Number Koha item type
        RRII Library RRII Library 16/12/2021 39.00 543.544:54-14 SNY 16713 Books